Kiểm toán môi trường

שמור ב:
מידע ביבליוגרפי
מחבר ראשי: Phạm, Thị Việt Anh (Chủ biên)
פורמט: ספר
יצא לאור: Hà Nội Đại học quốc gia 2006
נושאים:
תגים: הוספת תג
אין תגיות, היה/י הראשונ/ה לתייג את הרשומה!
Thư viện lưu trữ: Trung tâm Học liệu Lê Vũ Hùng, Trường Đại học Đồng Tháp
LEADER 00827aam a22002898a 4500
001 00037925
008 170514s2006 ||||||Viesd
005 20171026081025.0
041 0 # |a Vie 
082 1 4 |a 363.7  |b K304T 
100 1 # |a Phạm, Thị Việt Anh  |e Chủ biên 
245 1 0 |a Kiểm toán môi trường  |c Phạm Thị Việt Anh 
260 # # |c 2006  |a Hà Nội  |b Đại học quốc gia 
300 # # |a 202tr.  |c 21cm. 
653 # # |a Kiểm toán 
653 # # |a Môi trường 
653 # # |a Quản lí 
852 # # |b Kho mượn  |j KM.0022483 
852 # # |b Kho đọc  |j KD.0021647 
852 # # |j KD.0021647  |j KM.0022483 
910 |d 14/05/2017 
980 # # |a Trung tâm Học liệu Lê Vũ Hùng, Trường Đại học Đồng Tháp